Selena Gomez- Lose You To Love Me (All Lyrics) - Statistics

General Stats
  • This quiz has been taken 487 times
  • The average score is 296 of 352
Answer Stats
Lyrics % Correct
I
100%
to
99%
To
99%
You
99%
you
99%
it
98%
me
98%
me,
98%
lose
97%
love
97%
love,
97%
and
96%
And
96%
for
92%
the
92%
needed
90%
was
88%
my
86%
fell
84%
in
84%
In
84%
world
83%
hate
82%
yeah
80%
go
79%
let
78%
burn
77%
promised
77%
adored
76%
fire
76%
put
75%
first
74%
of
74%
find
73%
forest
73%
Set
73%
wasn't
71%
yours
71%
yours,
71%
us
67%
This
66%
off
65%
chorus
64%
killing
63%
always
62%
'Cause
62%
Like
62%
softly
62%
all
61%
blindly
60%
ignored
59%
Sang
58%
into
57%
two
57%
easy
56%
months,
56%
saw
56%
fires
55%
Rose-
54%
Then
54%
dancing
53%
it's
53%
off-key
53%
purpose
53%
replaced
53%
got
52%
Made
52%
signs
52%
When
52%
gave
50%
now
50%
on
50%
We'd
49%
colored
48%
think
48%
deserved
47%
glasses
47%
know
47%
is
45%
they
43%
down
40%
hurtin'
40%
goodbye,
39%
goodbye
39%
healing,
38%
distorted
37%
done
34%
chapter
33%
closed
32%
thick
31%
showing
25%
tore
16%
No matching quizzes found
Score Distribution
Percent of People with Each Score
Percentile by Number Answered
Your Score History
You have not taken this quiz